000
003030000a22001330004500
041
0
_a
SPA
082
0
4
_a
G 863 G724i
100
1
_a
Goytisolo, Juan (1931-)
245
1
0
_a
La isla / Juan Goytisolo
260
_a
México : Joaquín Mortiz (ver J. Mortiz)
300
_a
169 Pag
001
11105
942
_c
BK
999
_c
40475
_d
40475